Szczegóły MARC21

La querelle du Cid : (1637-1638) /

003 -Nazwa inst., której nr kontr. jest w polu 001 [,]
    • @
    • Nazwa instytucji, której n kontrolny jest w polu 001
    • NUKAT
005 -DATA I CZAS OSTATNIEJ MODYFIKACJI [,]
    • @
    • pole kontrolne
    • 20241231103353.0
020 -Międzynarod. znormalizowany nr książki - ISBN [ , ]
    • a
    • Numer ISBN
    • 274530965X Find
040 -Instytucja sporządzająca opis [ , ]
    • a
    • Instytucja, która sporządziła opis (NP)
    • WR U/jlk
    • c
    • Instytucja, która sporządziła rekord (NP)
    • WR U/jlk
    • d
    • Instytucja, która zmodyfikowała rekord (P)
    • WR U/jd
942 -Rodzaj dokumentu [ , ]
    • c
    • Rodzaj dokumentu
    • Książka
100 -Hasło główne - nazwa osobowa [1, ]
    • a
    • Nazwa osobowa (NP)
    • Civardi, Jean-Marc
    • d
    • Daty biograficzne (NP)
    • (1958- ).
    • 9
    • KHW
    • 647229
245 -Strefa tytułu i oznaczenia odpowiedzialności [1,3]
    • a
    • Tytuł
    • La querelle du Cid : Find
    • b
    • Ciąg dalszy tytułu (NP)
    • (1637-1638) / Find
    • c
    • Pozostałe elementy strefy tytułu i oznaczenia odpowiedzialności (NP)
    • Jean-Marc Civardi.
250 -Strefa wydania [ , ]
    • a
    • Oznaczenie wydania (NP)
    • Èdition critique intégrale.
260 -Strefa adresu wydawniczego [ , ]
    • a
    • Miejsce wydania (P)
    • Paris :
    • b
    • Nazwa wydawcy (P)
    • Honoré Champion éditeur,
    • c
    • Data wydania (P)
    • 2004.
300 -Strefa opisu fizycznego [ , ]
    • a
    • Określenie formy książki i/lub objętość (NP)
    • 1216, [12] s. ;
    • c
    • Format (NP)
    • 23 cm.
336 -Typ zawartości [ , ]
    • a
    • Termin opisujący typ zawartości
    • Tekst
    • b
    • Kod określający zawartość
    • txt
    • 2
    • Źródło (terminu i kodu)
    • rdacontent
337 -Typ mediów [ , ]
    • a
    • Tryb odtwarzania
    • Bez urządzenia pośredniczącego
    • b
    • Kod typu mediów
    • n
    • 2
    • Źródło (terminu i kodu)
    • rdamedia
338 -Typ/rodzaj nośnika [ , ]
    • a
    • Hasło opisujące typ nośnika
    • Wolumin
    • b
    • Kod typu nośnika
    • nc
    • 2
    • Źródło (terminu i kodu)
    • rdacarrier
490 -Strefa serii i książki wielotomowej - forma nie do wyszukiwania [1, ]
    • a
    • Tytuł (P)
    • Sources Classiques, Find
    • x
    • ISSN (NP)
    • 1169-2936 ;
    • v
    • Numeracja (P)
    • 52
830 -Hasło dodatkowe serii i opisu książki wielotomowej - tytuł ujednolicony/tytuł [ ,0]
    • a
    • Tytuł ujednolicony/tytuł (NP)
    • Sources Classiques
    • x
    • ISSN
    • 1169-2936
    • v
    • Oznaczenie tomu (NP)
    • 52
    • 9
    • KHW
    • 647230
500 -Uwaga ogólna [ , ]
    • a
    • Uwaga ogólna (NP)
    • Oryginał przedstawiony jako rozprawa doktorska (Univ., Paris, 2001).
504 -Uwaga dot. bibliogr. załącznikowej [ , ]
    • a
    • Uwaga dot. bibliografii załącznikowej
    • Bibliogr. s. 1149-1185. Indeks.
080 -Uniwersalna Klasyfikacja Dziesiętna [ , ]
    • 2
    • Identyfikator wydania tablic
    • UDC-P058
    • 9
    • UKD
    • 15544
    • a
    • Symbol klasyfikacji
    • 821.133.1(091)A/Z
    • b
    • Dopowiedzenie
    • Literatura francuska (historia). Poszczególni pisarze.
    • 4
    • UKD2
    • 8259
    • x
    • Poddział wspólny
    • "16"
    • c
    • Dopowiedzenie poddz. wspólnego
    • Wiek XVII.
    • 4
    • UKD2
    • 7653
    • x
    • Poddział wspólny
    • =133.1
    • c
    • Dopowiedzenie poddz. wspólnego
    • =Język francuski.
080 -Uniwersalna Klasyfikacja Dziesiętna [ , ]
    • 2
    • Identyfikator wydania tablic
    • UDC-P058
    • 9
    • UKD
    • 10680
    • a
    • Symbol klasyfikacji
    • 821.133.1(091)-2
    • b
    • Dopowiedzenie
    • Literatura francuska (historia). - Utwory dramatyczne. Scenariusze filmowe.
    • 4
    • UKD2
    • 8259
    • x
    • Poddział wspólny
    • "16"
    • c
    • Dopowiedzenie poddz. wspólnego
    • Wiek XVII.
    • 4
    • UKD2
    • 7653
    • x
    • Poddział wspólny
    • =133.1
    • c
    • Dopowiedzenie poddz. wspólnego
    • =Język francuski.
980 -Symbol UKD [ , ]
    • a
    • UKD
    • 821.133.1(091)-2Corneille P."16"=133.1
710 -Hasło dodatkowe - nazwa ciała zbiorowego [2, ]
    • a
    • Nazwa ciała zbiorowego lub nazwa geograficzna jako pierwszy element (NP)
    • Librairie Honoré Champion.
    • 4
    • Kod relacji
    • pbl
    • 9
    • KHW
    • 78752
920 -ISBN [ , ]
    • a
    • ISBN
    • 2-7453-0965-X Find
Sygnatura Data inwentaryzacji Lokalizacja Status udost. Numer inwentarzowy
FR. Lit. franc. XVII w. 052010-06-07BM1A.8659